000 00592cam a22002053a 4500
001 41120
003 PGUSA
005 20140828083927.0
008 121020s2012||||xxu|||||s|||||000 | eng d
040 _aPGUSA
_beng
042 _adc
100 1 _aKilpi, Volter,
_d1874-1939
245 1 0 _aBathseba :
_bDavidin puheluja itsensä kanssa
_h[electronic resource] /
_cVolter Kilpi
260 _bProject Gutenberg,
_c2012
506 _aPublic domain in the USA.
516 _aElectronic text
830 0 _aProject Gutenberg
_v41120
856 4 0 _uhttp://www.gutenberg.org/ebooks/41120
942 _cEB
999 _c270372
_d270372